000 00488nam a2200169Ia 4500
003 GCL
008 140319s9999 xx 000 0 eng d
040 _aGCL /
_cGCL
082 0 4 _a332.673
_bI G
100 1 _aIBBOTSON, ROGER
245 1 0 _aGLOBAL INVESTING: THE PROFESSIONAL'S GUIDE TO THE WORLD CAOITAL MARKETS /
_cIBBOTSON, ROGER
700 1 _aBRINSON, GARY P.
260 _a[S.N] :
_bMC GRAW - HILL ،
_c1993
300 _a339 P
650 0 4 _aINVESTMENTS, FOREIGN
942 _2ddc
_cBK
999 _c20705
_d20705